00470nam a22001577a 450000500170000001000150001702000260003203500140005803700090007208200120008110000170009324500880011026000310019827000630022930000200029220220214104244.0 aENG-131557 a9789380925820c399.00 aEN-115089 bDBAD a294.524 aDatta, Dilip aA Brief History From Creation of Universe To Evolution Of Human Being/cDilip Datta aNew DelhibBee Booksc2018 a141A, Shahpur Jat, 2nd Floor, Siri FortbNew Delhie110049 a76p.c21cm(hbk)